Ngày tận thế = The last of days

সংরক্ষণ করুন:
গ্রন্থ-পঞ্জীর বিবরন
প্রধান লেখক: Moris Farhi
বিন্যাস: গ্রন্থ
ভাষা:Undetermined
প্রকাশিত: H. CAND 2003
বিষয়গুলি:
ট্যাগগুলো: ট্যাগ যুক্ত করুন
কোনো ট্যাগ নেই, প্রথমজন হিসাবে ট্যাগ করুন!
Thư viện lưu trữ: Trung tâm Học liệu Trường Đại học Cần Thơ
LEADER 00538nam a2200205Ia 4500
001 CTU_56702
008 210402s9999 xx 000 0 und d
020 |b 85500 
082 |a 894.35 
082 |b F224 
100 |a Moris Farhi 
245 0 |a Ngày tận thế = 
245 4 |b The last of days 
245 0 |c Moris Farhi; Anh Thư biên dịch 
260 |a H. 
260 |b CAND 
260 |c 2003 
650 |a turkish literature,turkish fiction 
904 |i Minh 
980 |a Trung tâm Học liệu Trường Đại học Cần Thơ